UBT Library

Aneurysms / (Record no. 41084)

000 -LEADER
fixed length control field 00613cam a2200229 a 4500
001 - CONTROL NUMBER
control field 3279027
005 - DATE AND TIME OF LATEST TRANSACTION
control field 20180127052237.0
008 - FIXED-LENGTH DATA ELEMENTS--GENERAL INFORMATION
fixed length control field 821012s1983 mdua b 001 0 eng
010 ## - LIBRARY OF CONGRESS CONTROL NUMBER
LC control number 82020186
020 ## - INTERNATIONAL STANDARD BOOK NUMBER
International Standard Book Number 0683045989
040 ## - CATALOGING SOURCE
Original cataloging agency DLC
Transcribing agency DLC
Modifying agency DLC
041 ## - LANGUAGE CODE
Language code of text/sound track or separate title eng
060 ## - NATIONAL LIBRARY OF MEDICINE CALL NUMBER
Classification number WG 580 A597 1981
080 ## - UNIVERSAL DECIMAL CLASSIFICATION NUMBER
Universal Decimal Classification number 617.413
082 00 - DEWEY DECIMAL CLASSIFICATION NUMBER
Classification number 617.413 KER
Edition number 19
100 ## - Rafti
Rafti 5
101 ## - Shkurtesa
Shkurtesa SHK
245 00 - TITLE STATEMENT
Title Aneurysms /
Statement of responsibility, etc editors, Morris D. Kerstein, Peter V. Moulder, Watts R. Webb.
504 ## - BIBLIOGRAPHY, ETC. NOTE
Bibliography, etc Includes bibliographies and index.
906 ## - LOCAL DATA ELEMENT F, LDF (RLIN)
a 7
b cbc
c orignew
d 1
e ocip
f 19
g y-gencatlg
942 ## - ADDED ENTRY ELEMENTS (KOHA)
Source of classification or shelving scheme
Item type Books
Holdings
Withdrawn status Lost status Source of classification or shelving scheme Damaged status Not for loan Collection code Permanent location Current location Shelving location Date acquired Total Checkouts Full call number Barcode Date last seen Price effective from Koha item type
          Koleksioni i përgjithshem UBT - Lipjan UBT - Lipjan General Stacks 01/27/2018   617.413 KER 002-2996669 01/27/2018 01/27/2018 Books
UBT Library © 2015-2024. All rights reserved University Education for Business and Technology